Teoría de la formación por etapas de las acciones mentales (TFEAM) en la enseñanza y aprendizaje del concepto de valencia química (Record no. 184252)
[ view plain ]
| 000 -CABECERA | |
|---|---|
| campo de control de longitud fija | 01953nab a2200301 a 4500 |
| 005 - FECHA Y HORA DE LA ÚLTIMA TRANSACCIÓN | |
| campo de control | 20250314104729.0 |
| 008 - ELEMENTOS DE LONGITUD FIJA--INFORMACIÓN GENERAL | |
| campo de control de longitud fija | 991125c2016 cl br p o 000 0 spa d |
| 035 ## - NÚMERO DE CONTROL DEL SISTEMA | |
| Número de control de sistema | UPN01000212152 |
| 040 ## - FUENTE DE LA CATALOGACIÓN | |
| Centro catalogador/agencia de origen | UPN |
| Lengua de catalogación | spa |
| Centro/agencia transcriptor | UPN |
| Normas de descripción | aacr2 |
| 049 ## - COLECCIÓN | |
| Colección | ART-E |
| 100 1# - ASIENTO PRINCIPAL--NOMBRE PERSONAL | |
| Nombre de persona | Mendoza, Aníbal |
| 100 1# - ASIENTO PRINCIPAL--NOMBRE PERSONAL | |
| Nombre de persona | Acevedo, Diofanor |
| 100 1# - ASIENTO PRINCIPAL--NOMBRE PERSONAL | |
| Nombre de persona | Tejada, Candelaria N. |
| 100 1# - ASIENTO PRINCIPAL--NOMBRE PERSONAL | |
| Filiación | ctejadat@unicartagena.edu.co |
| 245 10 - MENCIÓN DE TÍTULO | |
| Título | Teoría de la formación por etapas de las acciones mentales (TFEAM) en la enseñanza y aprendizaje del concepto de valencia química |
| 506 0# - NOTA DE RESTRICCIONES AL ACCESO | |
| Limitaciones de acceso | Acceso abierto |
| 520 3# - NOTA DE RESUMEN, ETC. | |
| Sumario, etc. | El objetivo de este trabajo fue aplicar la Teoría de la Formación por Etapas de las Acciones Mentales en la enseñanza y aprendizaje del concepto de valencia en química, evaluando su efecto en la apropiación del concepto. Se consideró el tiempo como un indicador de internalización del concepto de valencia y éste se relacionó con la cantidad de aciertos que realizó cada estudiante. Esto se hizo en una prueba de nueve ejercicios organizados en cinco categorías, con la finalidad de clasificar los resultados obtenidos en la prueba, tanto en el lenguaje para sí como en la etapa mental propiamente dicha. El análisis fue realizado mediante la aplicación del coeficiente de correlación lineal de Pearson. Este indica que un mayor número de estudiantes estuvieron más de 15 minutos en la etapa mental, mientras que en la etapa del lenguaje para sí la mayoría de los estudiantes estuvo sobre los 25 minutos. |
| 650 #4 - ASIENTO SECUNDARIO DE MATERIA - TERMINO TEMATICO | |
| Término de materia o nombre geográfico como elemento de entrada | Educación |
| 9 (RLIN) | 682 |
| 650 #4 - ASIENTO SECUNDARIO DE MATERIA - TERMINO TEMATICO | |
| Término de materia o nombre geográfico como elemento de entrada | Aprendizaje |
| 9 (RLIN) | 2861 |
| 653 0# - TERMINO DE INDIZACION - NO CONTROLADO | |
| Término no controlado | Teoría de la Formación por Etapas de las Acciones Mentales (TFEAM) |
| 653 0# - TERMINO DE INDIZACION - NO CONTROLADO | |
| Término no controlado | Didáctica |
| 653 0# - TERMINO DE INDIZACION - NO CONTROLADO | |
| Término no controlado | Teoría de la actividad |
| 773 ## - ENLACE AL DOCUMENTO FUENTE/ENTRADA DE REGISTRO ANFITRIÓN | |
| Parte(s) relacionada(s) | Vol. 9, no. 1 (2016), p. 71-76 |
| Título | Formación universitaria |
| Número Internacional Normalizado para Publicaciones Seriadas | 0718-5006 |
| 856 4# - LOCALIZACIÓN Y ACCESO ELECTRÓNICOS | |
| Identificador Uniforme del Recurso | <a href="http://www.scielo.cl/pdf/formuniv/v9n1/art08.pdf">http://www.scielo.cl/pdf/formuniv/v9n1/art08.pdf</a> |
| 902 ## - ELEMENTOS DE DATOS B LOCAL, LDB (RLIN) | |
| Creó | Gloria Jiménez/140325 |
| 905 ## - TIPO DE MATERIAL | |
| Tipo de material | Articulo |
| 942 ## - ELEMENTOS DE PUNTO DE ACCESO ADICIONAL (KOHA) | |
| Tipo de ítem Koha | Artículo Electrónico |
| Estado de retiro | Estado de pérdida | Estado dañado | No para préstamo | Código de colección | Localización permanente | Ubicación/localización actual | Ubicación en estantería | Fecha de adquisición | Total de préstamos | Fecha visto por última vez | Identificador Uniforme del Recurso | Precio válido a partir de | Tipo de ítem Koha |
|---|---|---|---|---|---|---|---|---|---|---|---|---|---|
| Acceso abierto | Bib. Gregorio Torres Quintero | Bib. Gregorio Torres Quintero | En línea | 14/03/2025 | 14/03/2025 | http://www.scielo.cl/pdf/formuniv/v9n1/art08.pdf | 14/03/2025 | Artículo Electrónico |
